En el sur /

Guardado en:
Autor Principal: Maritano, Alma
Formato: Libro
Publicado: Buenos Aires : Colihue, 1992
Series:Leer y Crear
Materias:
Etiquetas: Agregar Etiqueta
Sin Etiquetas, Sea el primero en etiquetar este registro!
LEADER 00687nam a22002415a 4500
001 CEM.cems007124
005 20101202120431.0
008 130507s1992##################000#0#####d
003 CEMS
020 |a 9505810806 
082 0 4 |a A863.4 
100 1 |a Maritano, Alma 
245 1 0 |a En el sur /  |c Alma Maritano 
260 |a Buenos Aires :  |b Colihue,  |c 1992 
300 |a 209 p. 
490 0 |a Leer y Crear 
653 |a Literatura 
653 |a Literatura argentina 
653 |a Novelas 
653 |a Novela argentina 
653 |a Literatura juvenil 
859 |a CEMS  |b BIB. CEMS - 11 de abril  |h A863.4  |i M339-1  |p 16869.93  |t Ej.1 
859 |a CEMS  |b BIB. CEMS - 11 de abril  |h A863.4  |i M339-1  |p 16870.93  |t Ej.2